Bharatheeya mrudavom mem sookshma evam gauna poshak thathva: Kamee kee sthithy, nivaran evam fasalvar samsthuthiyam (Record no. 44744)

MARC details
000 -LEADER
fixed length control field 00392nam a2200109Ia 4500
082 ## - DEWEY DECIMAL CLASSIFICATION NUMBER
Classification number 214.21:631.8
Item number SHU
100 ## - MAIN ENTRY--AUTHOR NAME
Personal name SHUKLA, Arvindkumar
245 #0 - TITLE STATEMENT
Title Bharatheeya mrudavom mem sookshma evam gauna poshak thathva: Kamee kee sthithy, nivaran evam fasalvar samsthuthiyam
260 ## - PUBLICATION, DISTRIBUTION, ETC. (IMPRINT)
Place of publication Bhopal
Name of publisher Indian Institute of Soil Science
Year of publication 2016
942 ## - ADDED ENTRY ELEMENTS (KOHA)
Koha item type Books
Holdings
Withdrawn status Lost status Damaged status Not for loan Home library Current library Date acquired Source of acquisition Full call number Accession Number Koha item type
        RRII Library RRII Library 16/12/2021 Gift 214.21:631.8 SHU G01487 Books